| 000 | 00663 a2200217 4500 | ||
|---|---|---|---|
| 003 | UA-OsUOA | ||
| 005 | 20260402142453.0 | ||
| 008 | 260323b un ||||| |||| 00| 0 ukr d | ||
| 020 | _a9789663954417 | ||
| 040 |
_aUA-OsUOA _beng _cUA-OsUOA _dUA-OsUOA |
||
| 041 | _aeng | ||
| 080 | _a273:929 | ||
| 090 |
_a273:929 _bS45 |
||
| 245 | _aThe Selfless Way | ||
| 260 |
_bSvichado _c2010 _aLviv |
||
| 300 | _a100 p. | ||
| 650 |
_2UDC _a273 Неримо-католицькі єпископальні церкви _924596 |
||
| 942 |
_cBK _2udc |
||
| 955 | _a0 | ||
| 999 |
_c580161 _d580161 |
||